Birds native to Great Britain #1 - Statistics

General Stats
  • This quiz has been taken 14 times
  • The average score is 13 of 16
Answer Stats
Picture Answer % Correct
Robin
100%
Barn owl
92%
Barn swallow
92%
Blue tit
92%
Green woodpecker
92%
Northern lapwing
85%
Pheasant
85%
Song thrush
85%
White wagtail
85%
Cormorant
77%
Golden eagle
77%
Capercaillie
69%
Waterhen
69%
Black-headed gull
62%
Common buzzard
46%
Goshawk
46%
No matching quizzes found
Score Distribution
Percent of People with Each Score
Percentile by Number Answered
Your Score History
You have not taken this quiz